000 00252nam a2200097Ia 4500
008 190216s9999||||xx |||||||||||||| ||und||
100 _aAlbert Ris Williams
245 0 _aReshyan Viplavathiloode
260 _b"Markazi Maktaba Islami, Delhi"
942 _cBK
999 _c18752
_d18752